00720nam a2200217 a 450000100060000000300080000600500170001400800410003103500200007204000390009204100080013108200220013924501200016126000460028130000270032750000200035450500630037465100260043765100210046370000180048437394BD-RjUL20211209052614.0160718s1937 enkb b 001 0 eng d a(BD-RjUL) 37498 aNUNbengcNUNdNUNEdVJTLdBD-RjUL aeng04221a940bEUR 193700aEuropean civilization :bits origin and development /cby various contributors, under the direction of Edward Eyre. aLondon :bOxford University Press,c1937. a Vol :bill. ;c23 cm. aIncludes index.0 aV . 5.-- Economic history of Europe since the Reformation. 0aEuropexCivilization. 0aEuropexHistory.1 aEyre, Edward.